|
|
|
|
| LEADER |
00000nam a2200000Ia 4500 |
| 008 |
230111s9999 xx 000 0 und d |
| 040 |
|
|
|a UAHC
|c UAHC
|
| 082 |
|
|
|a 193.9
|b H811
|
| 100 |
|
|
|a Horkheimer, Max
|d 1895-1973
|
| 245 |
|
0 |
|a Crítica de la razón instrumental
|c Max Horkheimer.
|
| 260 |
|
|
|a Buenos Aires :
|b Sur,
|c 1973.
|
| 300 |
|
|
|a 195 páginas.
|
| 650 |
|
|
|a Filosofía
|
| 900 |
|
|
|a 193.9 HOR
|
| 942 |
|
|
|c BK
|
| 952 |
|
|
|0 0
|1 0
|4 0
|6 193_900000000000000_HOR
|7 0
|8 COMP
|9 97296
|a BC
|b BC
|c General
|d 2022-12-15
|l 0
|o 193.9 HOR
|p 1450315
|r 2026-01-07 00:00:00
|t 1
|w 2022-12-15
|y BK
|
| 999 |
|
|
|c 59905
|d 59905
|